|
|
|
|
| LEADER |
00000nam a22000007a 4500 |
| 005 |
2014110507307.0 |
| 007 |
cr|||| ||| |
| 008 |
141105s2014 sp |||||s|||| 00||0 spa d |
| 020 |
|
|
|a 978-84-340-2132-7
|
| 035 |
|
|
|a 12500
|
| 040 |
|
|
|a vLex
|
| 090 |
|
|
|c 5272
|d 5272
|
| 100 |
1 |
|
|a Aguado Abad, Mara̕ Još
|
| 245 |
1 |
0 |
|a Cd̤igo sanitario
|h [Recurso electrn̤ico] /
|c Mara̕ Jos ̌Aguado Abad
|
| 256 |
|
|
|a Servicio en ln̕ea
|
| 260 |
|
|
|a Madrid:
|b Boletn̕ Oficial del Estado,
|c 2014
|
| 300 |
|
|
|a 1 recurso electrn̤ico
|
| 500 |
|
|
|a El ±Cd̤igo Sanitario» pretende poner a disposicin̤ de los profesionales de esta rama del derecho, una herramienta eficaz para desarrollar su actividad con la seguridad y agilidad precisa. La obra incluye todas las normas de nivel legal y reglamentario que regulan la actividad sanitaria, desde tres prismas singulares: la administracin̤ sanitaria, el personal sanitario y los pacientes. Este tt̕ulo se encuentra dentro de la coleccin̤ "Cd̤igos electrn̤icos". Los tt̕ulos de la coleccin̤ pretenden abarcar todas las ramas del derecho.
|
| 506 |
0 |
|
|a Contenido solo disponible en los productos indicados
|d vLex Global
|d vLex Global (Academic Edition, excluding Law Schools)
|d vLex Global (U.S. Academic Edition, Law Schools)
|d vLex Global (U.S. Academic Edition, excluding Law Schools)
|d vLex Global (Academic Edition, Law Schools)
|
| 650 |
0 |
4 |
|a Sanidad
|x Derecho y legislacin̤
|z Espaą
|
| 740 |
0 |
|
|a vLex Libros (Servicio en ln̕ea)
|
| 856 |
4 |
0 |
|u http://vlex.com/source/codigo-sanitario-12500
|z Acceso restringido
|
| 942 |
|
|
|c BOOK
|
| 999 |
0 |
|
|a Sanitation--Law and legislation
|